00306nam a2200121Ia 4500008004100000082001300041100001800054245005000072250000800122260003800130300000800168650000800176191201s2010 xx 000 0 und d a658bMAP aMADAN, Pankaj 0aPrinciples and Practices of Modern Management a1st aN. DelhibGlobal Vision Pubc2010 a599 aBBA